000 00822cam a2200229 4500
001 sa 68018219
003 DLC
005 20260227112709.0
008 710701s1968 ii b 001 0aeng
010 _asa 68018219
025 _aPL480:I-E-11096
040 _aDLC
_cDLC
_dDLC
050 0 0 _aDS481.G3
_bA17 1968c
100 1 _aGandhi,
_cMahatma,
_d1869-1948.
245 1 0 _aGandhis India:
_bunity in diversity.
_cSelections prepared by the National Integration Sub-committee of the National Committee for Gandhi Centenary.
260 _aNew Delhi,
_bNational Book Trust, India
_c[1968]
300 _axii, 84 p.
_c21 cm.
350 _a2.25
504 _a"Sourced and notes": p. [78]-84.
600 1 0 _aGandhi,
_cMahatma,
_d1869-1948.
710 2 _aNational Committee for Gandhi Centenary.
_bNational Integration Sub-committee.
999 _c88249
_d88249